• 首页
  • 本馆介绍
  • 公告通知
  • 最新文献
  • 馆藏检索
  • 电子资源
  • 读者导购
  • 参考咨询
  • 我的图书馆
  • 登录
  • 详细信息显示
  • 放入我的书架
  • 预约/预借图书
  • 作者相关作品
  • 分类相关作品
  • 丛书相关作品
  • 出版社相关作品

书目信息

  • 表格格式
  • 工作单格式
  • 卡片格式
题名:
今日发达国家教育改革导论
    
 
作者: 崔相录 编著
分册:  
出版信息: 北京   教育科学出版社  1992.7
页数: 239页
开本: 19cm
丛书名:
单 册:
中图分类: G511 , G4
科图分类:
主题词: 发达国家--教育改革--研究 , 发达国家 , 教育改革 , 教育
电子资源:
ISBN: 7-5041-0880-4
000 00832nam0 2200265 450
001 1540504110
005 20151110122322.72
010    @a7-5041-0880-4@dCNY3.40
100    @a19930225d1992 em y0chiy0110 ea
101 0  @achi
102    @aCN@b110000
105    @ay z 000yy
200 1  @a今日发达国家教育改革导论@9jin ri fa da guo jia jiao yu gai ge dao lun@f崔相录编著
210    @a北京@c教育科学出版社@d1992.7
215    @a239页@d19cm
330    @a本书阐述了当代世界发达国家教育改革的沿革、特点、现状未来发展趋势和现行教育体制、教育改革的各种指导理论、流派以及实施中的得失。
606 0  @a发达国家@x教育改革@x研究
606 0  @a发达国家
606 0  @a教育改革
606 0  @a教育
690    @aG511@v三版
690    @aG4@v4
701  0 @a崔相录@9cui xiang lu@4编著
801  0 @aCN@bTSSF@c20150205
905    @aZUCC@dG4@eJY86
    
    今日发达国家教育改革导论/崔相录编著.-北京:教育科学出版社,1992.7
    239页;19cm
    
    
    ISBN 7-5041-0880-4:CNY3.40
    本书阐述了当代世界发达国家教育改革的沿革、特点、现状未来发展趋势和现行教育体制、教育改革的各种指导理论、流派以及实施中的得失。
●
相关链接 在E读中查询图书 在五车中查询图书 在当当中查询图书 在豆瓣中查询图书


正题名:今日发达国家教育改革导论     索取号:G4/JY86         预约/预借

序号 登录号 条形码 馆藏地/架位号 状态 备注
1 7865744   278657446   学院路分馆/ [索取号:G4/JY86] 在馆    
唐山师范学院图书馆 欢迎您!
大连网信软件有限公司© 版权所有